000 00376nam a22001697a 4500
003 OSt
008 230509b |||||||| |||| 00| 0 eng d
020 _a9789391165482
082 _a158 WAD
100 _aWARIKOO,Ankur
245 _aDo Epic Shit
250 _a1st Ed
260 _aNew Delhi
_bJuggernaut
300 _a293
650 _aDecentralization
942 _2ddc
_cREF
999 _c12004
_d12004